Smysl moderního umění : Filozofická interpretace

Salvato in:
Dettagli Bibliografici
Autore principale: Harries, Karsten (Autore)
Natura: Libro
Lingua:ceco
Pubblicazione: Brno : Host, 2010
Soggetti:
Tags: Aggiungi Tag
Nessun Tag, puoi essere il primo ad aggiungerne!!

MARC

LEADER 00000nam a22000003a 4500
001 stu215909
005 20150617230112.6
008 101105s2010------------------------cze-d
020 |a 978-80-7294-371-5 
040 |a STU  |b slo 
041 0 |a cze 
100 1 |a Harries, Karsten  |4 aut 
245 1 |a Smysl moderního umění :  |b Filozofická interpretace 
260 |a Brno :  |b Host,  |c 2010 
300 |a 159 s 
650 7 |a umenie moderné  |2 stusub 
996 |b 284AU04572  |c A*7110  |l AA3130  |s P  |a 0  |w stu215909_0001